[Event "Bundesliga 0102"]
[Site "Germany"]
[Date "2002.02.02"]
[Round "6.4"]
[White "Kveinys, Aloyzas"]
[Black "Ellers, Holger"]
[Result "1-0"]
[WhiteElo "2535"]
[BlackElo "2444"]
[PlyCount "47"]
[EventDate "2001.10.06"]
[EventType "team-tourn"]
[EventRounds "15"]
[EventCountry "GER"]
[SourceTitle "EXT 2003"]
[Source "ChessBase"]
[SourceDate "2002.11.25"]
[SourceVersion "1"]
[SourceVersionDate "2002.11.25"]
[SourceQuality "1"]
[WhiteTeam "Godesberg"]
[BlackTeam "Wattenscheid"]
[WhiteTeamCountry "GER"]
[BlackTeamCountry "GER"]

1. e4 e6 2. d4 d5 3. Nd2 Be7 4. Bd3 c5 5. dxc5 Nf6 6. Qe2 Nc6 7. Ngf3 Nb4 8. 0-0 Nxd3 9. cxd3 0-0 10. e5 Nd7 11. Nd4 Bxc5 12. N2f3 Re8 13. Bf4 f6 14. Rac1 fxe5 15. Bxe5 Nxe5 16. Rxc5 Qd6 17. Rfc1 Nxf3+ 18. Nxf3 Bd7 19. Qe5 Qb6 20. Rc7 Re7 21. Qe3 Qxb2 22. Ne5 Rf8 23. Rxd7 d4 24. Qe1 1-0

[Event "AUT-chT 0102"]
[Site "Austria"]
[Date "2001.11.02"]
[Round "3.4"]
[White "Ellers, Holger"]
[Black "Baumgartner, Heinz"]
[Result "0-1"]
[WhiteElo "2444"]
[BlackElo "2350"]
[PlyCount "108"]
[EventDate "2001.10.31"]
[EventType "team-tourn"]
[EventRounds "11"]
[EventCountry "AUT"]
[SourceTitle "EXT 2002"]
[Source "ChessBase"]
[SourceDate "2001.11.25"]
[SourceVersion "1"]
[SourceVersionDate "2001.11.25"]
[SourceQuality "1"]
[WhiteTeam "Jenbach SK Sparkasse"]
[BlackTeam "Linz SK Voest"]
[WhiteTeamCountry "AUT"]
[BlackTeamCountry "AUT"]

1. d4 d5 2. Nf3 Nf6 3. c4 e6 4. g3 dxc4 5. Bg2 a6 6. 0-0 Nc6 7. e3 Rb8 8. Qe2 b5 9. Rd1 Bb7 10. e4 Be7 11. Nc3 0-0 12. Bg5 Nb4 13. Ne1 Re8 14. a3 Nc6 15. Nc2 Nxe4 16. Nxe4 Bxg5 17. Nc5 Na5 18. Bxb7 Nxb7 19. Nxa6 Ra8 20. Nc5 Nxc5 21. dxc5 Qe7 22. c6 Qc5 23. Qf3 Bf6 24. Rd7 Rac8 25. Rad1 Rf8 26. Nd4 Be5 27. Qe4 g6 28. Rd2 Bd6 29. Qh4 Rce8 30. Qh6 Be5 31. Nf3 Bg7 32. Qf4 Qxc6 33. Rxc7 e5 34. Rxc6 exf4 35. Rb6 fxg3 36. hxg3 Rb8 37. Rxb8 Rxb8 38. Rc2 Rc8 39. Nd2 f5 40. Kf1 Ra8 41. Nb1 g5 42. Nc3 Bxc3 43. Rxc3 Kf7 44. Ke2 Kf6 45. Re3 Ra6 46. Kd2 Rd6+ 47. Kc3 Re6 48. Rf3 g4 49. Rf4 Re2 50. b3 cxb3 51. Kxb3 Re4 52. Rxe4 fxe4 53. Kb4 h5 54. Kxb5 h4 0-1

[Event "Bundesliga 0102"]
[Site "Germany"]
[Date "2001.10.07"]
[Round "2.7"]
[White "Ellers, Holger"]
[Black "Casper, Thomas"]
[Result "1-0"]
[WhiteElo "2444"]
[BlackElo "2409"]
[PlyCount "79"]
[EventDate "2001.10.06"]
[EventType "team-tourn"]
[EventRounds "15"]
[EventCountry "GER"]
[SourceTitle "EXT 2003"]
[Source "ChessBase"]
[SourceDate "2002.11.25"]
[SourceVersion "1"]
[SourceVersionDate "2002.11.25"]
[SourceQuality "1"]
[WhiteTeam "Wattenscheid"]
[BlackTeam "Erfurt SK"]
[WhiteTeamCountry "GER"]
[BlackTeamCountry "GER"]

1. d4 Nf6 2. Nf3 d6 3. c4 Nbd7 4. Nc3 e5 5. e4 g6 6. g3 Bg7 7. Bg2 0-0 8. 0-0 c6 9. b3 Re8 10. h3 a6 11. Qc2 b5 12. Rd1 Bb7 13. dxe5 dxe5 14. a3 Qe7 15. Be3 Rac8 16. Rd2 a5 17. Rad1 Bf8 18. Bg5 Qe6 19. Qb2 b4 20. axb4 axb4 21. Na4 c5 22. Nh2 Bc6 23. Bxf6 Bxa4 24. Bg5 Bc6 25. Ng4 h5 26. Nh2 Nb8 27. Nf1 Bb7 28. Ne3 f6 29. Bxf6 Qxf6 30. Nd5 Qe6 31. f4 Nc6 32. f5 Qf7 33. Rf2 g5 34. Bf3 Nd4 35. Bxh5 Qg7 36. f6 Qh6 37. Bxe8 Qxh3 38. Rd3 g4 39. f7+ Kg7 40. Rh2 1-0

[Event "Bundesliga 0102"]
[Site "Germany"]
[Date "2001.10.06"]
[Round "1.7"]
[White "Kuraszkiewicz, Michael"]
[Black "Ellers, Holger"]
[Result "0-1"]
[WhiteElo "2350"]
[BlackElo "2444"]
[PlyCount "80"]
[EventDate "2001.10.06"]
[EventType "team-tourn"]
[EventRounds "15"]
[EventCountry "GER"]
[SourceTitle "EXT 2003"]
[Source "ChessBase"]
[SourceDate "2002.11.25"]
[SourceVersion "1"]
[SourceVersionDate "2002.11.25"]
[SourceQuality "1"]
[WhiteTeam "Koenig Plauen"]
[BlackTeam "Wattenscheid"]
[WhiteTeamCountry "GER"]
[BlackTeamCountry "GER"]

1. d4 Nf6 2. c4 c5 3. e3 g6 4. Nc3 Bg7 5. d5 0-0 6. Nf3 d6 7. Nd2 Nbd7 8. Be2 a6 9. a4 b6 10. 0-0 Ne8 11. Qb3 Nc7 12. e4 Rb8 13. f4 Nf6 14. h3 e6 15. Rd1 exd5 16. cxd5 Re8 17. Bf3 b5 18. axb5 axb5 19. Nc4 Bxh3 20. gxh3 bxc4 21. Qxc4 Rb4 22. Qf1 Nd7 23. Qg2 Nb5 24. Nxb5 Rxb5 25. Ra7 c4 26. Kh1 Nc5 27. Qc2 Rb3 28. Ra3 Qh4 29. Bg2 Rxa3 30. bxa3 Nd3 31. Rf1 Nxc1 32. Qxc1 Rxe4 33. Qb1 Rxf4 34. Qb8+ Bf8 35. Rc1 Rf2 36. Rg1 c3 37. Qb6 Qg3 38. a4 h5 39. Qb3 Bg7 40. a5 Be5 0-1

[Event "Bundesliga 0001"]
[Site "Germany"]
[Date "2001.03.11"]
[Round "11.4"]
[White "McShane, Luke J"]
[Black "Ellers, Holger"]
[Result "1-0"]
[WhiteElo "2480"]
[BlackElo "2418"]
[PlyCount "43"]
[EventDate "2000.10.14"]
[EventType "team-tourn"]
[EventRounds "15"]
[EventCountry "GER"]
[SourceTitle "CBM 082 Extra"]
[Source "ChessBase"]
[SourceDate "2001.07.03"]
[SourceVersion "1"]
[SourceVersionDate "2001.07.03"]
[SourceQuality "1"]
[WhiteTeam "Werder Bremen"]
[BlackTeam "Wattenscheid"]
[WhiteTeamCountry "GER"]
[BlackTeamCountry "GER"]

1. e4 e6 2. d4 d5 3. Nd2 Be7 4. e5 c5 5. Qg4 g5 6. Qh5 Nc6 7. Ngf3 cxd4 8. Nb3 Qc7 9. Bxg5 Nxe5 10. Bxe7 Nxf3+ 11. Qxf3 Qe5+ 12. Be2 Nxe7 13. 0-0-0 Qg5+ 14. Kb1 e5 15. Bb5+ Kf8 16. Rde1 a6 17. Bf1 Bf5 18. h4 Qg6 19. Rxe5 Bxc2+ 20. Ka1 Be4 21. Qf4 Nc6 22. h5 1-0

[Event "Bundesliga 0001"]
[Site "Germany"]
[Date "2001.01.28"]
[Round "7.6"]
[White "Lobron, Eric"]
[Black "Ellers, Holger"]
[Result "0-1"]
[WhiteElo "2530"]
[BlackElo "2418"]
[PlyCount "78"]
[EventDate "2000.10.14"]
[EventType "team-tourn"]
[EventRounds "15"]
[EventCountry "GER"]
[SourceTitle "CBM 082 Extra"]
[Source "ChessBase"]
[SourceDate "2001.07.03"]
[SourceVersion "1"]
[SourceVersionDate "2001.07.03"]
[SourceQuality "1"]
[WhiteTeam "Solingen"]
[BlackTeam "Wattenscheid"]
[WhiteTeamCountry "GER"]
[BlackTeamCountry "GER"]

1. d4 e6 2. c4 Bb4+ 3. Bd2 a5 4. Nf3 d6 5. Nc3 Nf6 6. Bg5 c5 7. e3 a4 8. Bxf6 Qxf6 9. a3 cxd4 10. exd4 Bxc3+ 11. bxc3 Bd7 12. Rb1 Bc6 13. Be2 0-0 14. 0-0 Ra5 15. Nd2 Qg6 16. g3 Nd7 17. Re1 Nf6 18. Bf3 h5 19. Bxc6 bxc6 20. Nf3 Qf5 21. Kg2 e5 22. dxe5 dxe5 23. Qd6 e4 24. Nd4 Qc5 25. Qxc6 Rc8 26. Qxc5 Raxc5 27. Nb5 R8c6 28. Na7 Rc7 29. Rb8+ Kh7 30. Nb5 Rd7 31. Re2 Rxc4 32. h3 Nd5 33. Ra8 f5 34. Rb2 f4 35. gxf4 h4 36. Ra5 Nxf4+ 37. Kh2 Rd3 38. Kg1 Rxh3 39. Rb4 Rc5 0-1

[Event "Bundesliga 0001"]
[Site "Germany"]
[Date "2000.12.10"]
[Round "4.6"]
[White "Ellers, Holger"]
[Black "Wornath, Kai Rudolf"]
[Result "1-0"]
[WhiteElo "2418"]
[BlackElo "2398"]
[PlyCount "83"]
[EventDate "2000.10.14"]
[EventType "team-tourn"]
[EventRounds "15"]
[EventCountry "GER"]
[SourceTitle "CBM 082 Extra"]
[Source "ChessBase"]
[SourceDate "2001.07.03"]
[SourceVersion "1"]
[SourceVersionDate "2001.07.03"]
[SourceQuality "1"]
[WhiteTeam "Wattenscheid"]
[BlackTeam "Schott Mainz"]
[WhiteTeamCountry "GER"]
[BlackTeamCountry "GER"]

1. d4 Nf6 2. Nf3 g6 3. g3 Bg7 4. Bg2 0-0 5. 0-0 d6 6. c4 c5 7. Nc3 Nc6 8. d5 Na5 9. Nd2 b6 10. Qc2 Rb8 11. b3 a6 12. Bb2 b5 13. Rab1 Bd7 14. Nd1 Qc7 15. e4 bxc4 16. bxc4 Rb4 17. Bc3 Ba4 18. Qd3 Rxb1 19. Qxb1 Bxd1 20. Qxd1 Nd7 21. Qa1 Bxc3 22. Qxc3 Rb8 23. Bh3 Nf8 24. f4 f6 25. e5 f5 26. g4 fxg4 27. Bxg4 Nb7 28. Ne4 Qa5 29. Qc2 Qa3 30. Rf3 Qb4 31. Rb3 Qe1+ 32. Kg2 Qh4 33. Nf2 dxe5 34. fxe5 Qg5 35. Qe4 h5 36. h4 Qd2 37. Be6+ Kh8 38. Bf7 Kg7 39. d6 Kxf7 40. Rxb7 Rxb7 41. Qxb7 Qd4 42. e6+ 1-0